Eurovision Winners by Picture: 2000-Present - Statistics

General Stats
  • This quiz has been taken 456 times
    11 since last reset
  • The average score is 19 of 27
Answer Stats
Picture Hint Answer % Correct
2009 Alexander Rybak
100%
2026 Dara
100%
2023 Loreen
100%
2012 Loreen
100%
2021 Måneskin
100%
2024 Nemo
100%
2014 Conchita Wurst
89%
2019 Duncan Laurence
89%
2025 JJ
89%
2022 Kalush Orchestra
89%
2010 Lena
89%
2006 Lordi
89%
2018 Netta
89%
2016 Jamala
78%
2015 Måns Zelmerlöw
78%
2011 Ell & Nikki
67%
2013 Emmelie de Forest
67%
2008 Dima Bilan
56%
2000 Olsen Brothers
56%
2004 Ruslana
56%
2017 Salvador Sobral
56%
2002 Marie N
44%
2001 Dave Benton
33%
2005 Helena Paparizou
33%
2003 Sertab Erener
33%
2007 Marija Šerifović
22%
2001 Tanel Padar
22%
No matching quizzes found
Score Distribution
Percent of People with Each Score
Percentile by Number Answered
Your Score History
You have not taken this quiz since the last reset